000 00377nam a2200133Ia 4500
008 240719s9999 xx 000 0 und d
041 _aeng
082 _a657.3 BLA
100 _aBlais, P. Steven
245 _aBusiness Analysis Best Practices For Success
260 _aNew Jersey
_bWiley
_c2012
300 _a403;. P. 24 Cm
520 _aGifted By : IMT Faculty Dr. S. Maheswaran
999 _c41352
_d41352